Score 0/10 Timer 01:30
0 Plays Today
% Correct
Bucharest
94.7%
Dublin
93.3%
Brussels
92.4%
Budapest
92%
Prague
88.4%
Luxembourg
87.6%
Vilnius
86.9%
Ljubljana
83.7%
Chisinau
83.7%
Vaduz
79.2%
Remove Ads.
Support Sporcle.
Get the best of Sporcle when you Go Orange. This ad-free experience offers more features, more stats, and more fun while also helping to support Sporcle. Thank you for becoming a member.

You're not logged in!

Compare scores with friends on all Sporcle quizzes.
OR
Log In

Show Comments

Extras

Top Quizzes Today


Score Distribution

Your Account Isn't Verified!

In order to create a playlist on Sporcle, you need to verify the email address you used during registration. Go to your Sporcle Settings to finish the process.

Report this User

Report this user for behavior that violates our Community Guidelines.

Details: